00378nam a2200145Ia 450000500170000000800410001702000150005805000210007310000210009424500340011526000350014930000330018452100070021752600080022420140311163054.0140130s9999 xx 000 0 und d a0439679575 aPZ 7b.P154 2004 aPalatini, Margie cPalatini, MargieaBad boy's / bScholastic,c2004.aNew York : a37 p. :bcol. ill. ;c22 cm. aG2 c300